000
00325nam a22001337a 4500
008
160506b xxu||||| |||| 00| 0 eng d
020
_a
9780781772877
020
_a
10781772877
020
_a
9780781772877
041
_a
eng
080
_a
61
245
_a
Family medicine board review:
_c
Robert L.Bratton MD;
942
_2
udc
_c
BK
999
_c
1861
_d
1861